000 00845nam a2200265 i 4500
001 7884
003 ES-MaACL
005 20230906145331.0
007 t|
008 910517r19901956sp ||||1| spa d
020 _a84-338-1069-3
080 _a9(=927)"10/11"
100 1 _aBosch Vila, Jacinto.
_930667
245 1 4 _aLos Almoravides /
_cJacinto Bosch Vila ; estudio preliminar por Emilio Molina Lopez.
250 _aEd. facs.
260 _aGranada :
_bUniversidad,
_c1990.
300 _aLXXXI, 362 p., [8] h. de map. ;
_c24 cm.
490 1 _aArchivum ;
_v19
500 _aReprod. facs. de la ed. de: Tetuan : Editora Marroqui, 1956.
650 1 4 _aAlmorávides.
_99741
700 1 _aMolina López, Emilio.
_981945
830 0 _aArchivum ;
_v19
_9177981
852 _aES-MaACL
_jL-15136
_bR.118853
_z. - rust.
999 _c7884
_d7884